000 00923cam a22003014a 4500
001 15364727
005 20180207045839.0
008 080711s2009 moua b 001 0 eng
010 _a 2008030864
016 7 _a101478594
_2DNLM
020 _a9781416056683 (pbk. : alk. paper)
020 _a1416056688 (pbk. : alk. paper)
035 _a(OCoLC)ocn228374061
035 _a(OCoLC)228374061
040 _aDNLM/DLC
_cDLC
_dNLM
_dBTCTA
_dBAKER
_dC#P
_dYDXCP
_dDLC
041 _aeng
042 _apcc
080 _a610.68 AND
082 0 0 _a610.68 AND
_222
100 1 _a3
101 _aSHM
245 1 0 _aSaunders medical office management /
_cAlice Anne Andress.
246 3 0 _aMedical office management
504 _aIncludes bibliographical references and index.
906 _a7
_bcbc
_corignew
_d1
_eecip
_f20
_gy-gencatlg
942 _2ddc
_cBK
999 _c41995
_d41995